|
|
|
|
| LEADER |
00000nam a22000007a 4500 |
| 005 |
20130308120720.0 |
| 007 |
cr|||| |||| |
| 008 |
130308e2006 sp |||||s|||| 00||0 spa d |
| 020 |
|
|
|a 84-7658-775-9
|
| 035 |
|
|
|a 7650
|
| 040 |
|
|
|a vLex
|
| 090 |
|
|
|c 3873
|d 3873
|
| 100 |
1 |
0 |
|a Bodeln̤ Gonzl̀ez, Encarna
|
| 245 |
1 |
0 |
|a Contornos y pliegues del Derecho
|b Homenaje a Roberto Bergalli
|c / Encarna Bodeln̤ Gonzl̀ez, Iąki Rivera Beiras
|h [Recurso electrn̤ico]
|
| 256 |
|
|
|a Servicio en ln̕ea
|
| 260 |
|
|
|a Barcelona :
|b Editorial Anthropos,
|c 2006
|
| 300 |
|
|
|a 1 Recurso elctrn̤ico
|
| 506 |
|
|
|d vLex Global
|d vLex Global (Academic Edition, excluding Law Schools)
|d vLex Global (U.S. Academic Edition, Law Schools)
|d vLex Global (U.S. Academic Edition, excluding Law Schools)
|d vLex Global (Academic Edition, Law Schools)
|
| 650 |
0 |
4 |
|a Sociologa̕
|
| 650 |
0 |
4 |
|a Filosofa̕ del Derecho
|
| 650 |
0 |
4 |
|a Educacin̤ universitaria
|
| 700 |
1 |
0 |
|a Rivera Beiras, Iąki
|
| 740 |
|
|
|a vLex Libros (Servicio en ln̕ea)
|
| 856 |
|
|
|a Acceso restringido
|u http://www.vlex.com/source/7650
|
| 942 |
|
|
|c BOOK
|
| 999 |
|
0 |
|b Law
|